000 00345nam a2200133Ia 4500
005 20260328101440.0
008 260328s9999||||xx |||||||||||||| ||und||
100 _aLembcke, Kurt
245 0 _aNeue Wohnung Modern Gestaltet /
_cKurt Lembcke
260 _bVEB Fachbuchverlag
300 _a258 p.
650 _aARQUITECTURA RESIDENCIAL
942 _cBK
999 _c8232
_d8232